[Event "Titled Tuesday intern op 23rd Apr Late"]
[Site "Chess.com INT"]
[Date "2024.04.23"]
[Round "8"]
[White "Reprintsev, Alexander"]
[Black "Gutkin, Ilya"]
[Result "1-0"]
[WhiteElo "2241"]
[BlackElo "2295"]
[PlyCount "137"]
[EventDate "2024.04.23"]
[EventType "swiss (blitz)"]
[EventRounds "11"]
[EventCountry "USA"]
[SourceTitle "CB18_2024"]
[SourceDate "2024.05.01"]
[SourceVersion "1"]
[SourceVersionDate "2024.05.01"]
[SourceQuality "2"]

1. e4 c5 2. b3 e5 3. Bb2 Nc6 4. f4 d6 5. Bb5 exf4 6. Nf3 Nf6 7. 0-0 Be7 8. e5 dxe5 9. Nxe5 Qc7 10. Nxc6 bxc6 11. Bc4 0-0 12. Qf3 Bg4 13. Qf2 Rae8 14. h3 Bh5 15. Qxf4 Qxf4 16. Rxf4 Bd6 17. Rf1 Nd5 18. Na3 Re7 19. Nb5 cxb5 20. Bxd5 Bg3 21. Bf3 Bg6 22. d3 f6 23. Bc3 b4 24. Bd2 Be5 25. Rae1 Bd4+ 26. Kh2 Rfe8 27. Rxe7 Rxe7 28. g3 Kf8 29. Kg2 Be8 30. Be4 Bg6 31. Bf3 h5 32. h4 Bf7 33. Bf4 g6 34. Bd6 Ke8 35. Bxe7 Kxe7 36. Re1+ Kd7 37. Bb7 f5 38. Kf1 Kd6 39. Ba6 Be5 40. Kg2 Bd5+ 41. Kh3 Be6 42. Bc4 Bd7 43. Kg2 Bc6+ 44. Kf2 Bd4+ 45. Ke2 Be5 46. Rg1 Bd4 47. Rf1 Be5 48. Bf7 Bxg3 49. Bxg6 f4 50. Bxh5 Ke5 51. Bf3 Bxf3+ 52. Kxf3 Bxh4 53. Rh1 Bg3 54. Rh7 Kd4 55. Rxa7 Kc3 56. Rc7 Kxc2 57. Rxc5+ Kb2 58. d4 Kxa2 59. d5 Kxb3 60. d6 Bh4 61. Rh5 Bd8 62. Kxf4 Kc2 63. Rh8 Bb6 64. Rc8+ Kb3 65. Rc6 Ba5 66. Ke4 Kb2 67. Ra6 Bd8 68. Ra8 Bh4 69. Rh8 1-0

[Event "Titled Tuesday intern op 23rd Apr Late"]
[Site "Chess.com INT"]
[Date "2024.04.23"]
[Round "2"]
[White "Reprintsev, Alexander"]
[Black "Shirov, Alexei"]
[Result "0-1"]
[WhiteElo "2241"]
[BlackElo "2661"]
[PlyCount "82"]
[EventDate "2024.04.23"]
[EventType "swiss (blitz)"]
[EventRounds "11"]
[EventCountry "USA"]
[SourceTitle "CB18_2024"]
[SourceDate "2024.05.01"]
[SourceVersion "1"]
[SourceVersionDate "2024.05.01"]
[SourceQuality "2"]

1. e4 e5 2. Nf3 f5 3. d4 fxe4 4. Nxe5 Nf6 5. Nc3 d6 6. Nc4 d5 7. Ne5 Be7 8. f3 exf3 9. Qxf3 0-0 10. Bd3 Ne4 11. Bxe4 Rxf3 12. Bxd5+ Kf8 13. Bxf3 Qxd4 14. Nd3 Nc6 15. Bd2 Bf5 16. 0-0-0 Bxd3 17. cxd3 Nb4 18. Be4 Nxd3+ 19. Kb1 Nf2 20. Rhf1 Bf6 21. Rxf2 Qxf2 22. Bxb7 Rd8 23. Kc2 Kg8 24. Bf3 Qc5 25. Re1 h6 26. h3 Bg5 27. Bxg5 Qxg5 28. Re2 Qc5 29. a3 a5 30. Kc1 Qd4 31. Kc2 Qd3+ 32. Kc1 c5 33. Be4 Qd4 34. Kc2 g5 35. b3 Rf8 36. Bd5+ Kh8 37. Bf3 Rd8 38. a4 c4 39. bxc4 Qd3+ 40. Kb2 Qxc4 41. Re4 Rd2+ 0-1

[Event "Titled Tuesday intern op 02nd Apr Late"]
[Site "Chess.com INT"]
[Date "2024.04.02"]
[Round "3"]
[White "Munoz, Francisco Javier"]
[Black "Reprintsev, Alexander"]
[Result "1-0"]
[WhiteElo "2389"]
[BlackElo "2241"]
[PlyCount "49"]
[EventDate "2024.04.02"]
[EventType "swiss (blitz)"]
[EventRounds "11"]
[EventCountry "USA"]
[SourceTitle "CB15_2024"]
[SourceDate "2024.04.10"]
[SourceVersion "1"]
[SourceVersionDate "2024.04.10"]
[SourceQuality "1"]

1. e4 d5 2. exd5 Qxd5 3. Nc3 Qd6 4. d4 c6 5. Nf3 Bf5 6. Bd3 Bxd3 7. Qxd3 Nf6 8. Bg5 Nbd7 9. 0-0-0 e6 10. Rhe1 Be7 11. Bh4 Qf4+ 12. Kb1 Nb6 13. Bg3 Qh6 14. Ne5 Nbd5 15. Nxd5 Nxd5 16. Qb3 Nb6 17. a4 0-0 18. h4 Rfd8 19. h5 Rab8 20. a5 Nd5 21. Nxc6 bxc6 22. Bxb8 Bb4 23. Bc7 Nxc7 24. Qxb4 Qxh5 25. Qe7 1-0

[Event "Titled Tuesday intern op 27th Feb Late"]
[Site "Chess.com INT"]
[Date "2024.02.27"]
[Round "5"]
[White "Reprintsev, Alexander"]
[Black "Rohwer, Paul"]
[Result "0-1"]
[WhiteElo "2241"]
[BlackElo "2225"]
[PlyCount "54"]
[EventDate "2024.02.27"]
[EventType "swiss (blitz)"]
[EventRounds "11"]
[EventCountry "USA"]
[SourceTitle "CB10_2024"]
[SourceDate "2024.03.06"]
[SourceVersion "1"]
[SourceVersionDate "2024.03.06"]
[SourceQuality "1"]

1. e4 c5 2. b3 Nc6 3. Bb2 e5 4. f4 d6 5. Qf3 Nd4 6. Bxd4 exd4 7. c3 Nf6 8. Bb5+ Bd7 9. Bxd7+ Qxd7 10. cxd4 cxd4 11. Ne2 Qc6 12. d3 Qb6 13. Nd2 Be7 14. Nc4 Qb4+ 15. Kf2 0-0 16. a3 Qxb3 17. Rhb1 Qa4 18. Rxb7 Rfe8 19. Rab1 d5 20. exd5 Rad8 21. d6 Bxd6 22. Nxd6 Rxd6 23. Rb8 Rdd8 24. Qa8 Qa5 25. Rxd8 Qxd8 26. Qxa7 Ng4+ 27. Kf3 h5 0-1

[Event "Titled Tuesday intern op 27th Feb Late"]
[Site "Chess.com INT"]
[Date "2024.02.27"]
[Round "2"]
[White "Rose, Felix"]
[Black "Reprintsev, Alexander"]
[Result "0-1"]
[WhiteElo "2091"]
[BlackElo "2241"]
[PlyCount "158"]
[EventDate "2024.02.27"]
[EventType "swiss (blitz)"]
[EventRounds "11"]
[EventCountry "USA"]
[SourceTitle "CB10_2024"]
[SourceDate "2024.03.06"]
[SourceVersion "1"]
[SourceVersionDate "2024.03.06"]
[SourceQuality "1"]

1. e4 d5 2. exd5 Qxd5 3. Nc3 Qa5 4. Bc4 Nf6 5. d3 Bg4 6. f3 Be6 7. Bd2 Bxc4 8. dxc4 Qc5 9. Qe2 Nc6 10. 0-0-0 Nd4 11. Qf1 0-0-0 12. Kb1 Qf5 13. Qd3 Qxd3 14. cxd3 e6 15. Be3 Nf5 16. Bf2 a6 17. Nge2 h5 18. a3 g6 19. Ne4 Bg7 20. Ng5 Rhf8 21. d4 Bh6 22. Ne4 Nxe4 23. fxe4 Ne3 24. Bxe3 Bxe3 25. Rd3 Bh6 26. Rf1 f5 27. Rdf3 Bg7 28. d5 fxe4 29. Rxf8 Rxf8 30. Rxf8+ Bxf8 31. dxe6 Kd8 32. Nc3 e3 33. Kc2 Ke7 34. Nd5+ Kxe6 35. Nxc7+ Ke5 36. Kd3 Bh6 37. Nd5 e2 38. Kxe2 Kd4 39. b3 b5 40. Nc7 bxc4 41. bxc4 a5 42. Nd5 Kxc4 43. Ne7 g5 44. Nc6 a4 45. Kd2 Bf8 46. Kc2 Bxa3 47. Ne5+ Kd5 48. Nf3 Be7 49. Nd2 Kd4 50. Nf1 Bd6 51. Nd2 g4 52. h3 g3 53. Nf1 h4 54. Nd2 Be7 55. Nf1 Bg5 56. Kd1 a3 57. Kc2 a2 58. Kb2 Kd3 59. Kxa2 Ke2 60. Nxg3+ hxg3 61. Kb2 Kf2 62. h4 Bxh4 63. Kc2 Kxg2 64. Kd2 Kh1 65. Ke2 g2 66. Kf3 g1Q 67. Kf4 Qg5+ 68. Kf3 Qf5+ 69. Ke2 Kg2 70. Kd2 Qf3 71. Kc2 Kg3 72. Kd2 Kf4 73. Kc2 Ke4 74. Kd2 Kd4 75. Kc2 Qc3+ 76. Kd1 Qc4 77. Kd2 Bd8 78. Kd1 Qa2 79. Ke1 Ke3 0-1

[Event "Titled Tuesday intern op 13th Feb Early"]
[Site "Chess.com INT"]
[Date "2024.02.13"]
[Round "4"]
[White "Nigalidze, Gaioz"]
[Black "Reprintsev, Alexander"]
[Result "1/2-1/2"]
[WhiteElo "2373"]
[BlackElo "2241"]
[PlyCount "194"]
[EventDate "2024.02.13"]
[EventType "swiss (blitz)"]
[EventRounds "11"]
[EventCountry "USA"]
[SourceTitle "CB08_2024"]
[SourceDate "2024.02.21"]
[SourceVersion "1"]
[SourceVersionDate "2024.02.21"]
[SourceQuality "1"]

1. e4 d5 2. exd5 Qxd5 3. Nc3 Qa5 4. d4 Nf6 5. Nf3 Nc6 6. h3 Ne4 7. d5 Nxc3 8. bxc3 Nd8 9. Bd2 e6 10. c4 Bb4 11. Be2 Bxd2+ 12. Qxd2 Qxd2+ 13. Kxd2 c6 14. Rhe1 0-0 15. d6 c5 16. Ne5 f6 17. Nd3 b6 18. Bf3 Bb7 19. Bxb7 Nxb7 20. Rxe6 Rad8 21. Re7 Rf7 22. Kc3 Nxd6 23. Rxf7 Kxf7 24. a4 Ne4+ 25. Kb2 Rd4 26. a5 Rxc4 27. axb6 axb6 28. Ra7+ Kg6 29. Rb7 Rd4 30. Rxb6 c4 31. Nf4+ Kf5 32. Ne6 c3+ 33. Kb3 Rd1 34. g4+ Kg6 35. Rc6 Rb1+ 36. Kc4 Nxf2 37. Rc7 Nxh3 38. Rxg7+ Kh6 39. Rf7 Rf1 40. Kxc3 Ng5 41. Nd4 Kg6 42. Rd7 Rf4 43. Nf5 Rxg4 44. Ne7+ Kh5 45. Kd3 Nf3 46. Rd6 Kg5 47. Nd5 Ne5+ 48. Ke2 Re4+ 49. Kf1 Ng4 50. c3 h5 51. Rd8 Re5 52. c4 h4 53. Kg2 Ne3+ 54. Nxe3 Rxe3 55. c5 Rc3 56. Rd5+ f5 57. Rd4 f4 58. Rd8 Rxc5 59. Rg8+ Kf5 60. Kh3 Ke4 61. Kxh4 f3 62. Re8+ Kf4 63. Rf8+ Ke3 64. Kg3 Rg5+ 65. Kh2 Rg6 66. Ra8 f2 67. Ra3+ Ke4 68. Ra4+ Kd3 69. Ra3+ Kc4 70. Ra4+ Kd5 71. Ra5+ Ke4 72. Ra4+ Kf3 73. Ra3+ Kg4 74. Kg2 Kh4+ 75. Kxf2 Kg5 76. Kf3 Kh6 77. Ke2 Rg2+ 78. Kf3 Rg5 79. Ra6+ Rg6 80. Ra7 Rf6+ 81. Kg4 Rg6+ 82. Kh4 Rb6 83. Rc7 Rb4+ 84. Kg3 Rb3+ 85. Kg4 Rb4+ 86. Kf5 Rb5+ 87. Ke4 Rb4+ 88. Kd3 Rb6 89. Kc4 Rg6 90. Kd5 Kh5 91. Rh7+ Kg5 92. Re7 Rf6 93. Ke5 Rf5+ 94. Ke4 Rf4+ 95. Ke3 Rf6 96. Re5+ Rf5 97. Rxf5+ Kxf5 1/2-1/2

[Event "Titled Tuesday intern op 13th Feb Early"]
[Site "Chess.com INT"]
[Date "2024.02.13"]
[Round "11"]
[White "Reprintsev, Alexander"]
[Black "Masruri, Rahman"]
[Result "1-0"]
[WhiteElo "2241"]
[BlackElo "2281"]
[PlyCount "95"]
[EventDate "2024.02.13"]
[EventType "swiss (blitz)"]
[EventRounds "11"]
[EventCountry "USA"]
[SourceTitle "CB08_2024"]
[SourceDate "2024.02.21"]
[SourceVersion "1"]
[SourceVersionDate "2024.02.21"]
[SourceQuality "1"]

1. e4 c6 2. Nf3 d5 3. Nc3 dxe4 4. Nxe4 Nf6 5. Qe2 Nxe4 6. Qxe4 Nd7 7. d4 Nf6 8. Qd3 Bg4 9. Ne5 Bh5 10. Bd2 e6 11. f3 Bd6 12. 0-0-0 Qc7 13. Nc4 Bf4 14. Qa3 Bxd2+ 15. Rxd2 Qe7 16. Nd6+ Kf8 17. Nxb7 Qxa3 18. bxa3 Ke7 19. Na5 Rac8 20. Ba6 Rc7 21. Re1 Rb8 22. Re5 Bg6 23. Rc5 Kd7 24. Bd3 Nd5 25. Bxg6 hxg6 26. g3 Rb5 27. Nb3 Rxc5 28. Nxc5+ Ke7 29. c4 Nb6 30. Rc2 Rc8 31. a4 Rd8 32. a5 Nc8 33. Nb3 Nd6 34. Kb2 Nf5 35. Kc3 g5 36. Nc5 Nxd4 37. Rb2 Nxf3 38. Rb7+ Kf6 39. Nd7+ Kf5 40. Rxa7 Nxh2 41. a6 Nf1 42. g4+ Kxg4 43. Ne5+ Kf4 44. Nxc6 Rd1 45. Rxf7+ Ke3 46. a7 Rc1+ 47. Kb2 Rxc4 48. a8Q 1-0

[Event "Titled Tuesday intern op 13th Feb Early"]
[Site "Chess.com INT"]
[Date "2024.02.13"]
[Round "8"]
[White "Reprintsev, Alexander"]
[Black "Toman, Ondrej"]
[Result "0-1"]
[WhiteElo "2241"]
[BlackElo "2276"]
[PlyCount "102"]
[EventDate "2024.02.13"]
[EventType "swiss (blitz)"]
[EventRounds "11"]
[EventCountry "USA"]
[SourceTitle "CB08_2024"]
[SourceDate "2024.02.21"]
[SourceVersion "1"]
[SourceVersionDate "2024.02.21"]
[SourceQuality "1"]

1. e4 c6 2. Nf3 d5 3. Nc3 Bg4 4. h3 Bxf3 5. Qxf3 e6 6. b3 Nf6 7. e5 Nfd7 8. Qg3 c5 9. f4 g6 10. h4 h5 11. Qf3 Nc6 12. Ne2 Be7 13. g3 Rc8 14. c3 a5 15. a4 Qb6 16. Rb1 c4 17. g4 hxg4 18. Qxg4 cxb3 19. h5 Nc5 20. Ng3 gxh5 21. Nxh5 Kd7 22. Bb5 Rcg8 23. Qf3 Ne4 24. d4 Nxc3 25. Rxb3 Nxb5 26. Rxb5 Bb4+ 27. Kf1 Qxd4 28. Nf6+ Kc8 29. Nxg8 Qc4+ 30. Kf2 Rxg8 31. Be3 Qc2+ 32. Kf1 Qxa4 33. Rb6 Qa1+ 34. Kf2 Qb2+ 35. Kf1 Qb1+ 36. Kf2 Qc2+ 37. Kf1 Qc4+ 38. Kf2 Nd4 39. Qd1 Nc2 40. Rh3 Nxe3 41. Rxe3 Bc5 42. Rbb3 Bxe3+ 43. Rxe3 d4 44. Rd3 Rd8 45. Kg3 Kb8 46. Kg4 a4 47. Kg5 Qd5 48. Qxa4 Qg2+ 49. Kf6 Qg6+ 50. Ke7 Qxd3 51. Kxd8 Qc3 0-1